House : On the landscape (Record no. 10549)
[ view plain ]
| 000 -LEADER | |
|---|---|
| fixed length control field | 00280nam a2200121Ia 4500 |
| 008 - FIXED-LENGTH DATA ELEMENTS--GENERAL INFORMATION | |
| fixed length control field | 220318s9999 xx 000 0 und d |
| 020 ## - INTERNATIONAL STANDARD BOOK NUMBER | |
| International Standard Book Number | 9788986780635 |
| 082 ## - DEWEY DECIMAL CLASSIFICATION NUMBER | |
| Classification number | 728.373 |
| 100 ## - MAIN ENTRY--PERSONAL NAME | |
| Personal name | Lee, Uje |
| 245 #0 - TITLE STATEMENT | |
| Title | House : On the landscape |
| 260 ## - PUBLICATION, DISTRIBUTION, ETC. (IMPRINT) | |
| Place of publication, distribution, etc | C3 Publications |
| 942 ## - ADDED ENTRY ELEMENTS (KOHA) | |
| Source of classification or shelving scheme | |
| Withdrawn status | Lost status | Source of classification or shelving scheme | Damaged status | Koha normalized classification for sorting | Not for loan | Permanent location | Current location | Date acquired | Source of acquisition | Cost, normal purchase price | Full call number | Barcode | Date last seen | Cost, replacement price | Price effective from | Koha item type |
|---|---|---|---|---|---|---|---|---|---|---|---|---|---|---|---|---|
| 728_373000000000000 | BMS College of Architecture, Design and Planning | BMS College of Architecture, Design and Planning | 2022-03-30 | 6 | 8263.50 | 728.373 | AR-UG2684 | 2022-04-04 | 11805.00 | 2022-04-04 | UG Books |